| 000 | 02114nam a2200361 i 4500 | ||
|---|---|---|---|
| 001 | 180974 | ||
| 003 | ES-MaACL | ||
| 005 | 20240317063007.0 | ||
| 008 | 120921s2011 sp |||| | spa d | ||
| 017 |
_aSE 4566-2011 _bOficina Depósito Legal Sevilla |
||
| 020 | _a9788415335030 | ||
| 040 | _cES-MaACL | ||
| 080 | _a821.134.2-31"19" | ||
| 080 | _a929 Zendal, Isabel (0:82) | ||
| 100 | 1 |
_aArias Bautista, María Teresa _9146469 _eaut |
|
| 245 | 1 | 3 |
_aLa aventura ultramarina de Isabel Sendales / _cMaría Teresa Arias Bautista. |
| 250 | _a1ª ed. en Palabras dobladas. | ||
| 260 |
_a[Sevilla] : _bArCiBel, _c2011. |
||
| 300 |
_a622 páginas ; _c22 cm. |
||
| 490 | 1 | _aPalabras dobladas | |
| 504 | _aBibliografía: p. 615-622. | ||
| 520 | _aLa Real Expedición Filantrópica de la Vacuna, auspiciada por Carlos IV, puede ser considerada la primera misión humanitaria de la historia. Con ser este un hecho de relevancia extrema, apenas tenemos noticias de sus intérpretes. Isabel Sendales, protagonista de esta novela, fue la rectora de la casa coruñesa de expósitos de la que salieron los niños vacuníferos hacia el otro lado del mar. Agregada a la expedición en el último momento como enfermera -primera mujer española que recibió tal título y sueldo-, permaneció durante 7 años al cuidado de los sucesivos grupos de chiquillos que fueron necesarios para poder dar cumplimiento al compromiso de España con sus colonias: erradicar un mal que, si no producía la muerte, dejaba sobre sus víctimas unas indelebles y terribles marcas | ||
| 600 | 1 | 4 |
_aZendal, Isabel- _vNovelas _9174266 |
| 600 | 1 | 4 |
_aBalmis, Francisco Javier. _925099 |
| 611 | 2 | 4 |
_aExpedición Marítima de la Vacuna (. _d1803-1810) _9162901 |
| 650 | 4 |
_aViruela- _xVacunación- _vHistoria. _917831 |
|
| 830 |
_aPalabras dobladas _9191391 |
||
| 852 | 4 |
_aES-MaACL _bR.148273 _cDEPO1 _dOlim: N-5202 _hDonación: María Teresa Arias Bautista _jA-12197 _9187855 |
|
| 903 |
_aArias Bautista, María Teresa _ednr _9146469 |
||
| 942 |
_cMONOGRAFIA _n0 |
||
| 999 |
_c180974 _d180974 |
||